Quiz Names Of India - Statistics

General Stats
  • This quiz has been taken 8 times
  • The average score is 3 of 7
Answer Stats
Hint Answer % Correct
Official Sanskrit Name Bharat
100%
Persian Name Hindustan
86%
Oldest name of India Aryavarat
14%
Ancient Sanskrit Name Bharatvarsh
14%
Turkish Name Hindistan
14%
Used in Southeast Asia Jambudweep
14%
Chinese Name Tianzhu
14%
No matching quizzes found
Score Distribution
Percent of People with Each Score
Percentile by Number Answered
Your Score History
You have not taken this quiz